000 00619nam a2200241Ia 4500
003 OSt
005 20221007082256.0
006 a|||||r|||| 00| 0
007 ta
008 221006b |||||||| |||| 00| 0 eng d
024 _a14,035
037 _cTextual
040 _aFLL
_cFLL
_beng
041 _2eng
_aeng
082 _aX.2.N71-50s, L2
110 _aGovt. of india
245 0 _aBasic statistics relating to the indian economy 1950-51 to 1970-71
260 _c1972
300 _a157p
_ccm.
700 _aGovt. of india
942 _hX.2.N71-50s, L2
_cTEXL
_2CC
999 _c1165886
_d1165886